15 principales países con muertes de Covid-19 - 14 de mayo - Estadísticas

Estadísticas generales
  • Esta prueba ha sido intentada 5 veces
  • La puntuación promedio es 19 de 21
Estadísticas de respuestas
país % Correcto
Alemania
100%
Bélgica
100%
Brasil
100%
Canadá
100%
China
100%
España
100%
Estados Unidos
100%
Francia
100%
Irán
100%
Irlanda
100%
Italia
100%
México
100%
Portugal
100%
Reino Unido
100%
Turquía
100%
Ecuador
75%
Países Bajos
75%
Suiza
75%
Dinamarca
50%
Suecia
50%
Suecia
50%
No se encontraron pruebas coincidentes
Distribución de puntuación
Porcentaje de gente con cada puntuación
Porcentaje por número respondido
Historial de tus puntuaciones
No has intentado esta prueba.